banner koha

Quem come fora, come mais hortifruti! (Registro n. 328543)

MARC details
000 -LÍDER
fixed length control field 01219nab a2200373 4500
003 - CÓDIGO MARC DA AGÊNCIA CATALOGADORA
Campo de controle BR-BrBNA
005 - DATA E HORA DA ÚLTIMA ATUALIZAÇÃO
Campo de controle 20241110230246.0
008 - CAMPO DE TAMANHO FIXO
fixed length control field 241110b bl.||||| |||| 00| 0 por d
040 ## - FONTE DA CATALOGAÇÃO
Agência catalogadora BR-BrBNA
Idioma da catalogação por
072 ## - CATEGORIA AGRIS
Código AGRIS S01 ; Q02 ; E70
100 ## - ENTRADA PRINCIPAL - NOME PESSOAL
Nome pessoal Viana, Mayra Monteiro
100 ## - ENTRADA PRINCIPAL - NOME PESSOAL
Nome pessoal Sabio, Renata Pozelli
245 ## - TÍTULO PRINCIPAL
Título principal Quem come fora, come mais hortifruti!
500 ## - NOTA GERAL
Nota geral 20 illus.; 4 tables; 1 graph
942 ## - ADDED ENTRY ELEMENTS (KOHA)
Koha item type Analítica
520 ## - NOTA DE RESUMO
Nota de conteúdo PRATICIDADE NA ALIMENTAÇÃO
520 ## - NOTA DE RESUMO
Nota de conteúdo SERVIÇOS DE ALIMENTAÇÃO
520 ## - NOTA DE RESUMO
Nota de conteúdo REFEIÇÃO FORA DO LAR
520 ## - NOTA DE RESUMO
Nota de conteúdo CENTRAL DE ABASTECIMENTO
650 ## - ASSUNTO - THESAGRO
Cabeçalho tópico ou nome geográfico HORTALIÇA
650 ## - ASSUNTO - THESAGRO
Cabeçalho tópico ou nome geográfico FRUTA
650 ## - ASSUNTO - THESAGRO
Cabeçalho tópico ou nome geográfico CONSUMO ALIMENTAR
650 ## - ASSUNTO - THESAGRO
Cabeçalho tópico ou nome geográfico HÁBITO ALIMENTAR
650 ## - ASSUNTO - THESAGRO
Cabeçalho tópico ou nome geográfico ALIMENTO PREPARADO
650 ## - ASSUNTO - THESAGRO
Cabeçalho tópico ou nome geográfico PROCESSAMENTO MÍNIMO
650 ## - ASSUNTO - THESAGRO
Cabeçalho tópico ou nome geográfico QUALIDADE DO ALIMENTO
650 ## - ASSUNTO - THESAGRO
Cabeçalho tópico ou nome geográfico SEGURANÇA ALIMENTAR
650 ## - ASSUNTO - THESAGRO
Cabeçalho tópico ou nome geográfico ABASTECIMENTO
650 ## - ASSUNTO - THESAGRO
Cabeçalho tópico ou nome geográfico DISTRIBUIÇÃO
650 ## - ASSUNTO - THESAGRO
Cabeçalho tópico ou nome geográfico MERCADO VAREJISTA
650 ## - ASSUNTO - THESAGRO
Cabeçalho tópico ou nome geográfico AGROINDÚSTRIA
773 0# - ENTRADA ANALÍTICA
Host Biblionumber 4115
Registro do item 345387
Imprenta Piracicaba-SP Centro de Estudos Avançados em Economia Aplicada-CEPEA/USP/ESALQ 2002
Outro identificador 2024-5923
Título Hortifruti Brasil (Brazil)
ISSN 1981-1837
Colação v. 7(78) p. 6-13; (Apr 2009)
Número de controle de registro BR2024003153

Nenhum exemplar disponível.

BINAGRI

Telefone: (61)3218-2567/2388/3357/2097 - binagri@agro.gov.br

Ministério da Agricultura e Pecuária , Esplanada dos Ministérios, Bloco D, Anexo B, Brasília/DF, CEP: 70.043-900